| 000 | 00554 a2200193 4500 | ||
|---|---|---|---|
| 020 | _a0716743582 | ||
| 040 |
_aDLC _bDLC |
||
| 082 | 0 | 0 | _a004/.01/51 |
| 100 | 1 | _aGersting, Judith L. | |
| 245 | 1 | 0 |
_aMathematical structures for computer science _cJudith L. Gersting. |
| 250 | _a5th ed. | ||
| 260 |
_aNew York : _bW.H. Freeman, _cc2003. |
||
| 300 |
_axix, 729 p. : _bill. ; _c27 cm. |
||
| 500 | _aIncludes index. | ||
| 650 | 0 | _aMathematics. | |
| 650 | 0 | _aMathematical models. | |
| 650 | 0 |
_aComputer science _xMathematics. |
|
| 942 |
_cBK _k004.0151 GER _2ddc |
||
| 999 |
_c5405 _d5405 |
||